[Event "22e tournoi d'automne"]
[Site "Montigny le Bretonneux"]
[Date "2024.10.20"]
[Round "2.10"]
[White "Viot Le Henaff, Francois-Xavier"]
[Black "Imbert, Nicolas"]
[Result "1-0"]
[WhiteElo "1605"]
[BlackElo "1662"]
[Annotator "Rivier,Sylvain"]
[PlyCount "113"]
[EventDate "2024.??.??"]
[WhiteTeam "Reims Echec et Mat"]
[BlackTeam "Saint-Quentin en Yvelines"]

{Défense est-indienne} 1. Nf3 d6 2. d4 Nf6 3. c4 Nbd7 4. Nc3 e5 5. e3 g6 6.
Be2 Bg7 7. O-O O-O 8. b3 b6 9. d5 Bb7 10. e4 Nxe4 11. Nxe4 f5 12. Neg5 e4 13.
Ne6 Qe7 14. Nfd4 Rfc8 15. Bg5 Bf6 16. Bxf6 Qxf6 17. Nc2 Ne5 18. Ncd4 Rf8 19. f3
exf3 20. Bxf3 a5 21. Qd2 Bc8 22. Rae1 Bd7 23. a4 Rae8 24. Bd1 Qd8 25. Nf3 Nf7
26. Ned4 Rxe1 27. Rxe1 Re8 28. Rxe8+ Qxe8 29. Qe2 Ne5 30. h3 Nxf3+ 31. Nxf3
Qxe2 32. Bxe2 h6 33. Kf2 Kf7 34. Ke3 Kf6 35. Nd4 g5 36. g4 f4+ 37. Ke4 h5 38.
Nb5 hxg4 39. Bxg4 Bxb5 40. cxb5 Kg6 41. h4 Kf6 42. hxg5+ Kxg5 43. Bf3 Kf6 44.
Kxf4 Kg6 45. Be4+ Kf6 46. Bf5 Kg7 47. Kg5 Kf7 48. Bg6+ Ke7 49. Kf5 Kd7 50. Kf6
Kd8 51. Ke6 Kc8 52. Ke7 Kb8 53. Kd8 Kb7 54. Be8 Kb8 55. Bc6 Ka7 56. Ba8 Kb8 57.
Kd7 1-0

[Event "22e tournoi d'automne"]
[Site "Montigny le Bretonneux"]
[Date "2024.10.20"]
[Round "2.11"]
[White "Neveu, Raphael"]
[Black "Meddour, Ithri"]
[Result "1-0"]
[WhiteElo "1705"]
[BlackElo "1531"]
[Annotator "Rivier,Sylvain"]
[PlyCount "83"]
[EventDate "2024.??.??"]
[WhiteTeam "La Dame Noire"]
[BlackTeam "Saint-Quentin en Yvelines"]

{Défense vieille Benoni} 1. d4 Nf6 2. Nf3 c5 3. d5 b5 4. b3 d6 5. Bb2 Nbd7 6.
e3 a6 7. Be2 g6 8. O-O Qc7 9. Qd3 Bg7 10. Nbd2 Nh5 11. Bxg7 Nxg7 12. Qc3 O-O
13. h4 Nf6 14. Qd3 e5 15. dxe6 Nxe6 16. Rfd1 Bb7 17. c4 b4 18. Ng5 Rfe8 19. Bf3
Rad8 20. Bxb7 Qxb7 21. Nge4 Nxe4 22. Nxe4 Rd7 23. Nf6+ Kf8 24. Nxd7+ Qxd7 25.
Qxd6+ Qxd6 26. Rxd6 Ra8 27. Rad1 a5 28. f4 Ke7 29. g4 Kf6 30. R1d5 Kg7 31. f5
Nf8 32. Rxc5 f6 33. Rdd5 Re8 34. Kf2 h5 35. gxh5 gxh5 36. Rxa5 Re4 37. Rd4 Re7
38. Rb5 Ra7 39. Rxb4 Rxa2+ 40. Kf3 Kh7 41. Rb7+ Kh6 42. Rd8 1-0

[Event "22e tournoi d'automne"]
[Site "Montigny le Bretonneux"]
[Date "2024.10.20"]
[Round "2.12"]
[White "Couradin, Jean-Marie"]
[Black "Bouloc, Roger"]
[Result "1-0"]
[WhiteElo "1659"]
[BlackElo "1509"]
[Annotator "Rivier,Sylvain"]
[PlyCount "105"]
[EventDate "2024.??.??"]
[WhiteTeam "La Dame Noire"]
[BlackTeam "La Dame Noire"]

{Ouverture anglaise, variante sicilienne inversée} 1. c4 e5 2. Nc3 Nf6 3. e4
Nc6 4. g3 Bc5 5. Bg2 O-O 6. Nge2 a6 7. O-O d6 8. d3 Bg4 9. h3 Be6 10. Kh2 h6
11. f4 exf4 12. Nxf4 Bd7 13. Nfd5 Bd4 14. Bf4 Bxc3 15. bxc3 Be6 16. Nxf6+ Qxf6
17. Bxd6 Qxc3 18. Bxf8 Rxf8 19. Qb3 Qxb3 20. axb3 Rd8 21. Rad1 Nb4 22. d4 Nc2
23. d5 Ne3 24. dxe6 Nxf1+ 25. Bxf1 Re8 26. exf7+ Kxf7 27. Rd7+ Re7 28. Rxe7+
Kxe7 29. Kg2 Ke6 30. Kf3 Ke5 31. Ke3 c5 32. h4 g6 33. Bh3 b5 34. Bc8 bxc4 35.
bxc4 a5 36. Bd7 Kd6 37. Be8 g5 38. h5 Ke5 39. Kd3 Kd6 40. Bf7 Ke5 41. Bd5 Kd6
42. Kc3 a4 43. Kb2 Ke5 44. Ka3 Kd4 45. Kxa4 Ke5 46. Kb5 Kd6 47. Kb6 Kd7 48.
Kxc5 Kc7 49. e5 Kd7 50. g4 Kc7 51. e6 Kd8 52. Kd6 Ke8 53. c5 1-0

[Event "22e tournoi d'automne"]
[Site "Montigny le Bretonneux"]
[Date "2024.10.20"]
[Round "2.13"]
[White "Tanchoux, Pierre"]
[Black "Poletto, Claude"]
[Result "0-1"]
[WhiteElo "1527"]
[BlackElo "1646"]
[Annotator "Rivier,Sylvain"]
[PlyCount "44"]
[EventDate "2024.??.??"]
[WhiteTeam "La Dame Noire"]
[BlackTeam "Gambit Roi de Carrieres sur Seine"]

{Début Réti, système Barcza} 1. Nf3 d5 2. g3 Nc6 3. Bg2 e5 4. d3 Nf6 5. O-O
Be7 6. Nbd2 O-O 7. e4 dxe4 8. dxe4 Be6 9. c3 h6 10. Re1 Qd7 11. Qe2 Rad8 12. b3
a6 13. Bb2 Bc5 14. Rad1 Qd3 15. Qxd3 Rxd3 16. Bf1 Rdd8 17. Bg2 b5 18. c4 Ng4
19. Rf1 Bd4 20. Nxd4 Nxd4 21. Nf3 Ne2+ 22. Kh1 Nxf2+ 0-1

[Event "22e tournoi d'automne"]
[Site "Montigny le Bretonneux"]
[Date "2024.10.20"]
[Round "2.14"]
[White "Warin, Anouk"]
[Black "Gimard, Yves"]
[Result "0-1"]
[WhiteElo "1497"]
[BlackElo "1586"]
[Annotator "Rivier,Sylvain"]
[PlyCount "99"]
[EventDate "2024.??.??"]
[WhiteTeam "C.E. Fontenay le Fleury Les Fous Furieux"]
[BlackTeam "C.E. de Rambouillet - Le Roi de Rome"]

{Défense Caro-Kann, variante Steinitz} 1. e4 c6 2. Nf3 d5 3. Nc3 dxe4 4. Nxe4
Nd7 5. d4 Ngf6 6. Ng3 e6 7. Bd3 Qc7 8. Bd2 Bd6 9. Qe2 b6 10. O-O-O Bb7 11. Nf5
O-O-O 12. Nxd6+ Qxd6 13. Ne5 Qe7 14. h4 c5 15. Ba6 Nxe5 16. dxe5 Nd7 17. Bg5 f6
18. exf6 gxf6 19. Bxb7+ Kxb7 20. Qf3+ Kc7 21. Bf4+ e5 22. Bg3 Qe6 23. b3 Qc6
24. Qxc6+ Kxc6 25. Rd3 Nb8 26. Rhd1 Rxd3 27. Rxd3 Rg8 28. Kd2 Nd7 29. Ke2 f5
30. Kf1 f4 31. Bh2 Rg4 32. g3 e4 33. Rc3 f3 34. a4 Nf6 35. Re3 Nd5 36. Re1 Nb4
37. Rd1 Kc7 38. c3 Nd3 39. b4 Kc6 40. bxc5 Kxc5 41. Rb1 a6 42. Bg1 h5 43. Rb3
Rg6 44. Bh2 Kc4 45. Rb1 Kxc3 46. g4 Kc2 47. Ra1 Rxg4 48. Bc7 Rxh4 49. Kg1 Nf4
50. Bd8 0-1

[Event "22e tournoi d'automne"]
[Site "Montigny le Bretonneux"]
[Date "2024.10.20"]
[Round "2.15"]
[White "Alm, Gilles"]
[Black "Ben Hamouda, Catherine"]
[Result "1-0"]
[WhiteElo "1583"]
[BlackElo "1469"]
[Annotator "Rivier,Sylvain"]
[PlyCount "65"]
[EventDate "2024.??.??"]
[WhiteTeam "Mulhouse Philidor"]
[BlackTeam "C.E. Fontenay le Fleury "]

{Défense est-indienne} 1. b3 Nf6 2. Bb2 g6 3. c4 d6 4. d4 Bg7 5. Nf3 O-O 6.
Nc3 Bf5 7. g3 Nc6 8. Bg2 Qc8 9. O-O e5 10. dxe5 dxe5 11. Nh4 Bh3 12. Nd5 Bxg2
13. Nxf6+ Bxf6 14. Nxg2 Rd8 15. Qc2 Nd4 16. Qe4 c5 17. Rfe1 Qc6 18. Qxc6 Nxc6
19. f4 Nd4 20. Rad1 exf4 21. Kf2 Kg7 22. Nxf4 Rd6 23. Nd5 Rad8 24. e3 Nc6 25.
Bxf6+ Rxf6+ 26. Nxf6 Kxf6 27. Rxd8 Nxd8 28. Rd1 Ke7 29. Kf3 f5 30. e4 fxe4+ 31.
Kxe4 Ne6 32. Kd5 b6 33. Re1 1-0

[Event "22e tournoi d'automne"]
[Site "Montigny le Bretonneux"]
[Date "2024.10.20"]
[Round "2.16"]
[White "Carbonero, Jean Marc"]
[Black "Boutin, Guillaume"]
[Result "0-1"]
[WhiteElo "1399"]
[BlackElo "1567"]
[Annotator "Rivier,Sylvain"]
[PlyCount "80"]
[EventDate "2024.??.??"]
[WhiteTeam "La Dame Noire"]
[BlackTeam "Club d'Echecs du Vesinet"]

{Défense scandinave} 1. e4 d5 2. e5 Bf5 3. g4 Bg6 4. d4 e6 5. Bb5+ Nd7 6. h4
h6 7. h5 Bh7 8. Nf3 a6 9. Be2 f6 10. Bd3 Bxd3 11. Qxd3 Ne7 12. Bd2 c6 13. c4
Qc7 14. Nc3 fxe5 15. O-O-O e4 16. Nxe4 dxe4 17. Qxe4 O-O-O 18. Qxe6 Kb8 19. c5
Nd5 20. Ne5 N7f6 21. Nf7 Re8 22. Qxe8+ Nxe8 23. Nxh8 g5 24. Ng6 Bg7 25. Rde1
Nef6 26. Re2 Ka7 27. Rhe1 Nd7 28. Ne7 Bxd4 29. Re6 Nf4 30. Bxf4 Qxf4+ 31. Kc2
Bxc5 32. R1e2 Bxe7 33. Rxe7 Qxg4 34. R2e3 Nf6 35. R7e6 Nd5 36. R3e4 Qxh5 37. f3
Qxf3 38. a3 h5 39. Re2 Nf4 40. R2e3 Qf2+ 0-1

[Event "22e tournoi d'automne"]
[Site "Montigny le Bretonneux"]
[Date "2024.10.20"]
[Round "2.17"]
[White "Montay, Jean-Paul"]
[Black "Demeocq, Agathe"]
[Result "1-0"]
[WhiteElo "1556"]
[BlackElo "1299"]
[Annotator "Rivier,Sylvain"]
[PlyCount "83"]
[EventDate "2024.??.??"]
[WhiteTeam "La Dame Noire"]
[BlackTeam "Geneston Sud Loire échecs"]

{Ouverture anglaise, variante sicilienne inversée} 1. c4 e5 2. Nc3 Nf6 3. g3
Bc5 4. e3 O-O 5. Bg2 Nc6 6. d3 d6 7. Nf3 Bg4 8. O-O Re8 9. a3 a6 10. b4 Bb6 11.
Qc2 Qd7 12. Re1 Bh3 13. Bh1 Ng4 14. Ng5 Qf5 15. Nxh3 Ne7 16. Be4 Qh5 17. Bg2
Qf5 18. Nd1 Ng6 19. f3 Nf6 20. Nhf2 c6 21. e4 Qe6 22. Bh3 Qe7 23. Ne3 a5 24.
Nf5 Qf8 25. b5 a4 26. bxc6 bxc6 27. Bg5 Ba5 28. Red1 Bb6 29. Kh1 d5 30. Bxf6
gxf6 31. Ng4 Re6 32. cxd5 cxd5 33. Rab1 Bd8 34. exd5 Rea6 35. Rb4 R8a7 36. Qc4
Bb6 37. Nxf6+ Kh8 38. Nd7 Qd8 39. Nxb6 Rxb6 40. Rxb6 Qxb6 41. Qc8+ Nf8 42.
Qxf8# 1-0

[Event "22e tournoi d'automne"]
[Site "Montigny le Bretonneux"]
[Date "2024.10.21"]
[Round "3.1"]
[White "Forissier, Nicolas"]
[Black "Fruchard, Cyrille"]
[Result "0-1"]
[WhiteElo "1934"]
[BlackElo "2276"]
[Annotator "Rivier,Sylvain"]
[PlyCount "52"]
[EventDate "2024.??.??"]
[WhiteTeam "La Dame Noire"]
[BlackTeam "La Dame Noire"]

{Défense est-indienne, variante du fianchetto} 1. d4 Nf6 2. c4 g6 3. Nc3 Bg7
4. e4 d6 5. Nf3 O-O 6. g3 Nbd7 7. Bg2 e5 8. dxe5 dxe5 9. O-O c6 10. Qc2 Qc7 11.
Nh4 Nc5 12. f4 Ne6 13. h3 exf4 14. gxf4 Nh5 15. Qf2 Bd4 16. Be3 Bxe3 17. Qxe3
Qe7 18. f5 Qxh4 19. fxe6 Bxe6 20. b3 Rad8 21. Rad1 Rxd1 22. Rxd1 Nf4 23. Kh2 f5
24. Bf1 fxe4 25. Nxe4 Nxh3 26. Bxh3 Bxh3 0-1

[Event "22e tournoi d'automne"]
[Site "Montigny le Bretonneux"]
[Date "2024.10.21"]
[Round "3.2"]
[White "Loiret, Stanislas"]
[Black "Divies, Renaud"]
[Result "1-0"]
[WhiteElo "2153"]
[BlackElo "1929"]
[Annotator "Rivier,Sylvain"]
[PlyCount "51"]
[EventDate "2024.??.??"]
[WhiteTeam "Bayard Monge Echecs"]
[BlackTeam "Club d'Echecs du Vesinet"]

{Défense sicilienne, variante Paulsen} 1. e4 c5 2. Nf3 e6 3. d4 cxd4 4. Nxd4
a6 5. Bd3 Qc7 6. Qe2 Nf6 7. O-O Be7 8. e5 Nd5 9. Re1 Nb4 10. Qg4 Kf8 11. Bg5
Bc5 12. Nb3 Nxd3 13. cxd3 h6 14. Bh4 g5 15. Nxc5 Qxc5 16. Nd2 Nc6 17. Bg3 Qd4
18. Qf3 Ne7 19. Ne4 Rb8 20. Nd6 Rh7 21. Rac1 h5 22. h4 gxh4 23. Rc4 Qd5 24.
Bxh4 Qxf3 25. Bxe7+ Kxe7 26. gxf3 1-0

[Event "22e tournoi d'automne"]
[Site "Montigny le Bretonneux"]
[Date "2024.10.21"]
[Round "3.3"]
[White "Duget, Long Jc"]
[Black "Gouanelle, Franck"]
[Result "1-0"]
[WhiteElo "1792"]
[BlackElo "2033"]
[Annotator "Rivier,Sylvain"]
[PlyCount "121"]
[EventDate "2024.??.??"]
[WhiteTeam "C.E. Fontenay le Fleury Les Fous Furieux"]
[BlackTeam "C.E. de Rueil Malmaison"]

{Défense sicilienne, gambit Morra} 1. e4 c5 2. Be2 Nc6 3. d3 g6 4. f4 Bg7 5.
Nf3 e6 6. c3 d5 7. O-O Nge7 8. a4 O-O 9. Na3 b6 10. Kh1 Bb7 11. Nc2 Na5 12. e5
Rc8 13. d4 Qd7 14. Ne3 Rc7 15. h4 Qc8 16. g4 Rd8 17. Kh2 Ba6 18. Bxa6 Qxa6 19.
b4 cxb4 20. cxb4 Nc4 21. b5 Qb7 22. Rg1 Kf8 23. Nf1 Ke8 24. Ng3 a5 25. f5 Bf8
26. Ng5 h6 27. Nh7 Ng8 28. Nxf8 Kxf8 29. f6 Ke8 30. h5 g5 31. Qd3 Kd7 32. Qh7
Kc8 33. Qd3 Kb8 34. Rg2 Rdc8 35. Raa2 Nxe5 36. dxe5 Rxc1 37. Rac2 R1xc2 38.
Rxc2 Rxc2+ 39. Qxc2 Qc8 40. Qxc8+ Kxc8 41. Ne2 Kd7 42. Nd4 Nxf6 43. exf6 Kd6
44. Kg2 Ke5 45. Nc6+ Kxf6 46. Nxa5 Ke7 47. Nc6+ Kd6 48. Kf3 f5 49. gxf5 exf5
50. Nd4 Ke5 51. Ke3 f4+ 52. Kd3 g4 53. a5 bxa5 54. b6 Kd6 55. Nf5+ Kc6 56. Nxh6
g3 57. Ke2 a4 58. Nf5 Kxb6 59. h6 d4 60. Nxd4 a3 61. Nc2 1-0

[Event "22e tournoi d'automne"]
[Site "Montigny le Bretonneux"]
[Date "2024.10.21"]
[Round "3.4"]
[White "Tan, Jin Chew Andrew"]
[Black "Martin-Breteau, Paul"]
[Result "1/2-1/2"]
[WhiteElo "1861"]
[BlackElo "1884"]
[Annotator "Rivier,Sylvain"]
[PlyCount "57"]
[EventDate "2024.??.??"]
[BlackTeam "GIF-CC2-Echecs"]

{Partie espagnole, défense Morphy} 1. e4 e5 2. Nf3 Nc6 3. Bb5 a6 4. Ba4 Nf6 5.
d3 d6 6. c3 g6 7. Nbd2 Bg7 8. Nf1 O-O 9. Ng3 Bd7 10. O-O Re8 11. Re1 b5 12. Bb3
Na5 13. Bc2 c5 14. a4 Nc6 15. h3 b4 16. Be3 Rb8 17. Nd2 Be6 18. Bb3 Bxb3 19.
Nxb3 Na5 20. Nxa5 Qxa5 21. c4 Nd7 22. b3 Nf8 23. Ra2 Ne6 24. Ne2 Qd8 25. Rf1
Rf8 26. f4 exf4 27. Nxf4 Nxf4 28. Bxf4 Qf6 29. Be3 1/2-1/2

[Event "22e tournoi d'automne"]
[Site "Montigny le Bretonneux"]
[Date "2024.10.21"]
[Round "3.5"]
[White "Viot Le Henaff, Francois-Xavier"]
[Black "Sacher, Arthur"]
[Result "1/2-1/2"]
[WhiteElo "1605"]
[BlackElo "1751"]
[Annotator "Rivier,Sylvain"]
[PlyCount "47"]
[EventDate "2024.??.??"]
[WhiteTeam "Reims Echec et Mat"]
[BlackTeam "Club d'Echecs du Vesinet"]

{Gambit dame, défense Tchigorine} 1. Nf3 d5 2. d4 Nf6 3. c4 dxc4 4. e3 Bg4 5.
Bxc4 e6 6. Nc3 Nc6 7. h3 Bh5 8. O-O Bd6 9. a3 O-O 10. b4 e5 11. d5 e4 12. Nxe4
Nxe4 13. dxc6 bxc6 14. Bb2 Bxf3 15. Qxf3 Qe7 16. Bd3 f5 17. Qh5 Ng3 18. Bc4+
Kh8 19. fxg3 Qxe3+ 20. Kh1 Qxg3 21. Kg1 Qh2+ 22. Kf2 Qg3+ 23. Kg1 Qh2+ 24. Kf2
1/2-1/2

[Event "22e tournoi d'automne"]
[Site "Montigny le Bretonneux"]
[Date "2024.10.21"]
[Round "3.6"]
[White "Rajewski, Alexandre"]
[Black "Neveu, Raphael"]
[Result "1-0"]
[WhiteElo "1920"]
[BlackElo "1705"]
[Annotator "Rivier,Sylvain"]
[PlyCount "57"]
[EventDate "2024.??.??"]
[WhiteTeam "Villepreux Le Fou du Roi"]
[BlackTeam "La Dame Noire"]

{Ouverture Bird} 1. f4 d5 2. Nf3 g6 3. d4 Bg7 4. e3 Nf6 5. Bd3 c5 6. c3 cxd4 7.
exd4 Nc6 8. O-O O-O 9. h3 Qc7 10. Be3 Na5 11. Nbd2 Nc4 12. Nxc4 dxc4 13. Bc2
Nd5 14. Qd2 b6 15. Rae1 Bb7 16. Ne5 Nxe3 17. Qxe3 e6 18. Qg3 Rad8 19. h4 a5 20.
Re2 b5 21. h5 b4 22. hxg6 fxg6 23. Qg4 Rf6 24. Ref2 Rdf8 25. g3 Bh8 26. Qe2 Rc8
27. Ng4 Rff8 28. Qxe6+ Qf7 29. Nh6+ 1-0

[Event "22e tournoi d'automne"]
[Site "Montigny le Bretonneux"]
[Date "2024.10.21"]
[Round "3.7"]
[White "Plantet, Marc"]
[Black "Couradin, Jean-Marie"]
[Result "0-1"]
[WhiteElo "1839"]
[BlackElo "1659"]
[Annotator "Rivier,Sylvain"]
[PlyCount "121"]
[EventDate "2024.??.??"]
[WhiteTeam "La Dame Noire"]
[BlackTeam "La Dame Noire"]

{Défense sicilienne} 1. e4 c5 2. Nf3 Nc6 3. d4 cxd4 4. Nxd4 d6 5. Bc4 Nf6 6.
f3 a6 7. Bg5 e6 8. Nc3 Be7 9. Qd2 O-O 10. h4 Nxd4 11. Qxd4 b5 12. Bb3 Qc7 13.
O-O-O Rd8 14. f4 e5 15. Nd5 Nxd5 16. Qxd5 Be6 17. Qd3 Bxb3 18. Qxb3 h6 19. Bxe7
Qxe7 20. f5 Rac8 21. g4 Rc4 22. Qe3 Qb7 23. Rd5 Qc6 24. Rh2 Rc8 25. Qd3 Qb6 26.
Rg2 R8c6 27. g5 h5 28. g6 Qa5 29. gxf7+ Kxf7 30. Qg3 Ke8 31. Qg6+ Kd8 32. Rxd6+
Kc7 33. Qxg7+ Kxd6 34. Rg6+ Kc5 35. Qa7+ Kb4 36. Rxc6 Rxc6 37. Qe7+ Kc4 38. b3+
Kd4 39. Qd7+ Kc5 40. Qa7+ Kd6 41. Qb8+ Rc7 42. Qd8+ Kc6 43. Qa8+ Kd7 44. Qd5+
Ke8 45. Qxe5+ Re7 46. Qh8+ Kd7 47. f6 Qa3+ 48. Kb1 Rf7 49. e5 Qc5 50. Qg8 Qd5
51. Qb8 Ke6 52. Qe8+ Kf5 53. Kc1 Qe6 54. Qg8 Kxe5 55. Qg5+ Kd6 56. Qd2+ Qd5 57.
Qb4+ Ke6 58. c4 bxc4 59. bxc4 Qd4 60. Qe1+ Kxf6 61. Qe2 0-1

[Event "22e tournoi d'automne"]
[Site "Montigny le Bretonneux"]
[Date "2024.10.21"]
[Round "3.8"]
[White "Poletto, Claude"]
[Black "Alami Messaoudi, Wissam"]
[Result "0-1"]
[WhiteElo "1646"]
[BlackElo "1783"]
[Annotator "Rivier,Sylvain"]
[PlyCount "28"]
[EventDate "2024.??.??"]
[WhiteTeam "Gambit Roi de Carrieres sur Seine"]
[BlackTeam "La Dame Noire"]

{Partie du pion dame} 1. d4 d5 2. Nf3 Nf6 3. e3 c5 4. dxc5 e6 5. b4 a5 6. c3
axb4 7. cxb4 b6 8. a4 bxc5 9. b5 c4 10. Ne5 Qc7 11. Qd4 Bc5 12. Qf4 Bb4+ 13.
Kd1 Ne4 14. f3 Nf2+ 0-1

[Event "22e tournoi d'automne"]
[Site "Montigny le Bretonneux"]
[Date "2024.10.21"]
[Round "3.9"]
[White "Kunne, Ronald"]
[Black "Gimard, Yves"]
[Result "1-0"]
[WhiteElo "1769"]
[BlackElo "1586"]
[Annotator "Rivier,Sylvain"]
[PlyCount "79"]
[EventDate "2024.??.??"]
[WhiteTeam "Club d'Echecs d'Orsay"]
[BlackTeam "C.E. de Rambouillet - Le Roi de Rome"]

{Défense Caro-Kann, variante d'échange} 1. e4 c6 2. d4 d5 3. exd5 cxd5 4. Bd3
e6 5. Nf3 Bd6 6. c3 Qc7 7. O-O Nf6 8. h3 Nbd7 9. Re1 Nf8 10. Ne5 Ng6 11. f4 O-O
12. Qe2 Nxe5 13. fxe5 Nd7 14. Nd2 Qb6 15. Nf3 Nb8 16. h4 Nc6 17. Kh1 Ne7 18.
Ng5 Nf5 19. Bf4 h6 20. Nf3 Qd8 21. Qf2 Kh8 22. g4 Ne7 23. Qd2 Ng8 24. h5 f5 25.
Rg1 fxg4 26. Rxg4 Qe8 27. Bg6 Qd8 28. Bc2 Qe8 29. Bg6 Qd8 30. Bc2 Qe8 31. Qh2
Ne7 32. Rag1 Nf5 33. Bxf5 Be7 34. Bg6 Qxg6 35. hxg6 Rf5 36. Bxh6 gxh6 37. Qxh6+
Kg8 38. Qh7+ Kf8 39. g7+ Kf7 40. g8=Q# 1-0

[Event "22e tournoi d'automne"]
[Site "Montigny le Bretonneux"]
[Date "2024.10.21"]
[Round "3.10"]
[White "Boutin, Guillaume"]
[Black "Benhadid, Jeilynn"]
[Result "0-1"]
[WhiteElo "1567"]
[BlackElo "1768"]
[Annotator "Rivier,Sylvain"]
[PlyCount "34"]
[EventDate "2024.??.??"]
[WhiteTeam "Club d'Echecs du Vesinet"]
[BlackTeam "C.E. de  Bois-Colombes"]

{Défense sicilienne} 1. e4 c5 2. b4 cxb4 3. a3 bxa3 4. Nxa3 e5 5. Nf3 Nc6 6.
Bb2 d6 7. c3 Nf6 8. Bd3 Be7 9. O-O O-O 10. Bc2 Bg4 11. d4 Rc8 12. d5 Na5 13.
Qd3 Nh5 14. Bc1 f5 15. Nd2 Nf4 16. Qe3 Bg5 17. Qxa7 Ra8 0-1

[Event "22e tournoi d'automne"]
[Site "Montigny le Bretonneux"]
[Date "2024.10.21"]
[Round "3.11"]
[White "Carroll, John"]
[Black "Alm, Gilles"]
[Result "1/2-1/2"]
[WhiteElo "1754"]
[BlackElo "1583"]
[Annotator "Rivier,Sylvain"]
[PlyCount "78"]
[EventDate "2024.??.??"]
[WhiteTeam "Club du Canal St-Martin Paris"]
[BlackTeam "Mulhouse Philidor"]

{Défense sicilienne, variante Alapine} 1. e4 c5 2. Nf3 e6 3. c3 d5 4. exd5
Qxd5 5. d4 Nf6 6. Nbd2 cxd4 7. Bc4 Qh5 8. cxd4 Bb4 9. Qa4+ Nc6 10. Bb5 Bxd2+
11. Bxd2 Bd7 12. O-O a6 13. Be2 Ne5 14. Qa3 Nc6 15. Rfe1 Qd5 16. Rac1 Nxd4 17.
Nxd4 Qxd4 18. Be3 Qa4 19. Qd6 Qa5 20. Red1 Qd8 21. Bb6 Qe7 22. Qxe7+ Kxe7 23.
Rc7 Nd5 24. Bc5+ Kd8 25. Rxb7 Kc8 26. Ra7 Rxa7 27. Bxa7 Bb5 28. Bf3 Rd8 29. Bc5
Kc7 30. b4 Rd7 31. g3 Nf6 32. Rxd7+ Nxd7 33. Bd4 e5 34. Bc3 f5 35. Bd1 g6 36.
f3 Kc6 37. Bb3 Kd6 38. Kf2 Nf6 39. Ke3 Nd5+ 1/2-1/2

[Event "22e tournoi d'automne"]
[Site "Montigny le Bretonneux"]
[Date "2024.10.21"]
[Round "3.12"]
[White "Delage, Charles"]
[Black "Montay, Jean-Paul"]
[Result "1-0"]
[WhiteElo "1749"]
[BlackElo "1556"]
[Annotator "Rivier,Sylvain"]
[PlyCount "75"]
[EventDate "2024.??.??"]
[WhiteTeam "GIF-CC2-Echecs"]
[BlackTeam "La Dame Noire"]

{Partie du pion dame} 1. Nf3 Nf6 2. g3 Nc6 3. d4 d5 4. Bg2 e6 5. O-O Be7 6.
Nbd2 O-O 7. c4 b6 8. b3 Rb8 9. Bb2 Bb4 10. Ne5 Bb7 11. Ndf3 Nxe5 12. Nxe5 Nd7
13. Nd3 Be7 14. Rc1 dxc4 15. Bxb7 Rxb7 16. Rxc4 c5 17. dxc5 Nxc5 18. Qa1 f6 19.
Nf4 e5 20. Rd1 Qe8 21. Nd5 Qf7 22. b4 Ne6 23. Qc1 Nd4 24. Bxd4 Qxd5 25. Bxb6
Qf7 26. Ba5 Rfb8 27. Rc8+ Rxc8 28. Qxc8+ Bf8 29. Rd8 g6 30. Rxf8+ Qxf8 31. Qxb7
Qe8 32. Qd5+ Kg7 33. b5 Qc8 34. Qc6 Qf5 35. Bd2 Qb1+ 36. Kg2 Qxa2 37. Qd7+ Kf8
38. Bh6+ 1-0

[Event "22e tournoi d'automne"]
[Site "Montigny le Bretonneux"]
[Date "2024.10.21"]
[Round "3.13"]
[White "Salagnac, Sowan"]
[Black "Fayolle, Guy"]
[Result "0-1"]
[WhiteElo "1299"]
[BlackElo "1733"]
[Annotator "Rivier,Sylvain"]
[PlyCount "34"]
[EventDate "2024.??.??"]
[WhiteTeam "Saint-Quentin en Yvelines"]
[BlackTeam "Saint-Quentin en Yvelines"]

{Partie des quatre cavaliers, variante écossaise} 1. e4 e5 2. Nf3 Nc6 3. d4
exd4 4. Nxd4 Nf6 5. Nc3 Bb4 6. Nxc6 bxc6 7. Qd4 Bxc3+ 8. Qxc3 Qe7 9. e5 Nd5 10.
Qg3 f6 11. Bc4 Qb4+ 12. c3 Qxc4 13. Qxg7 Rf8 14. Bh6 Rf7 15. Qg8+ Ke7 16. exf6+
Nxf6 17. Bg5 Ba6 0-1

[Event "22e tournoi d'automne"]
[Site "Montigny le Bretonneux"]
[Date "2024.10.21"]
[Round "3.14"]
[White "Meddour, Ithri"]
[Black "Benhadid, Jazzmine"]
[Result "0-1"]
[WhiteElo "1531"]
[BlackElo "1723"]
[Annotator "Rivier,Sylvain"]
[PlyCount "54"]
[EventDate "2024.??.??"]
[WhiteTeam "Saint-Quentin en Yvelines"]
[BlackTeam "C.E. de  Bois-Colombes"]

{Défense sicilienne, variante Rossolimo} 1. e4 c5 2. Nc3 Nc6 3. Nf3 g6 4. Bb5
Bg7 5. O-O e5 6. d3 Nge7 7. Re1 O-O 8. Bxc6 dxc6 9. Be3 b6 10. Nh4 h6 11. g3
Kh7 12. Ng2 Be6 13. Qd2 Qd7 14. b3 Rad8 15. Rad1 Bg4 16. f3 Bxf3 17. Rc1 Bxg2
18. Qxg2 f5 19. Rf1 f4 20. Bf2 f3 21. Qh1 h5 22. Rce1 Bh6 23. Nb1 Rf7 24. h4
Qg4 25. Kh2 g5 26. Be3 gxh4 27. gxh4 Qxh4+ 0-1

[Event "22e tournoi d'automne"]
[Site "Montigny le Bretonneux"]
[Date "2024.10.21"]
[Round "3.15"]
[White "Ben Hamouda, Catherine"]
[Black "Nguyen, Nguyen-Khoi"]
[Result "0-1"]
[WhiteElo "1469"]
[BlackElo "1858"]
[Annotator "Rivier,Sylvain"]
[PlyCount "64"]
[EventDate "2024.??.??"]
[WhiteTeam "C.E. Fontenay le Fleury Les Fous Furieux"]
[BlackTeam "Club d'Echecs d'Orsay"]

{Défense sicilienne} 1. e4 c5 2. Nf3 d6 3. c3 Nf6 4. Be2 g6 5. O-O Nc6 6. d3
Bg7 7. Nbd2 O-O 8. h3 Nd7 9. Nb3 b5 10. d4 b4 11. Bb5 Bb7 12. Re1 Rc8 13. cxb4
Nxb4 14. Bxd7 Qxd7 15. dxc5 Rfd8 16. a3 Na6 17. cxd6 Qa4 18. e5 exd6 19. Bg5
Rd7 20. exd6 f6 21. Re7 fxg5 22. Qe2 Rxe7 23. dxe7 Re8 24. Qe6+ Kh8 25. Rd1
Bxf3 26. Rd8 Nc7 27. Qf7 Bd5 28. Rxe8+ Qxe8 29. Qxe8+ Nxe8 30. Nc5 Be5 31. Nd7
Bc6 32. Nf8 Bf6 0-1

[Event "22e tournoi d'automne"]
[Site "Montigny le Bretonneux"]
[Date "2024.10.21"]
[Round "3.16"]
[White "Imbert, Nicolas"]
[Black "Warin, Anouk"]
[Result "0-1"]
[WhiteElo "1662"]
[BlackElo "1497"]
[Annotator "Rivier,Sylvain"]
[PlyCount "76"]
[EventDate "2024.??.??"]
[WhiteTeam "Saint-Quentin en Yvelines"]
[BlackTeam "C.E. Fontenay le Fleury "]

{Défense Benoni, variante principale} 1. d4 c5 2. d5 e6 3. c4 exd5 4. cxd5 d6
5. Nc3 Nf6 6. Nf3 g6 7. e4 Bg7 8. Be2 O-O 9. O-O Bg4 10. h3 Bxf3 11. Bxf3 a6
12. a4 Nbd7 13. Bf4 Qc7 14. Re1 Rfe8 15. Qd2 Ne5 16. Bxe5 Rxe5 17. Re2 Nd7 18.
Nb1 Ree8 19. Na3 Rab8 20. Rb1 b5 21. axb5 axb5 22. Nc2 Ne5 23. Ne3 h5 24. Ree1
Qd7 25. Be2 Qa7 26. Ra1 Qb6 27. Ra5 c4 28. Rea1 Nd7 29. Ra6 Qd4 30. Qxd4 Bxd4
31. Rxd6 Nc5 32. Nc2 Nxe4 33. Nxd4 Nxd6 34. Ra6 Nf5 35. Nc6 Ra8 36. Rxa8 Rxa8
37. g4 hxg4 38. hxg4 Nd6 0-1